| 000 | 00807nam a22002177a 4500 | ||
|---|---|---|---|
| 999 |
_c18887 _d18887 |
||
| 003 | AR-CdUCM | ||
| 008 | 190515b ||||| |||| 00| 0 spa d | ||
| 040 |
_aMUNICIPALIDAD PROVINCIAL DEL CUSCO _cBIBLIOTECA MUNICIPAL DEL CUSCO |
||
| 082 |
_a320 / _bL68 |
||
| 100 |
_aMartin Lipset, Seymour _939791 |
||
| 245 |
_aEl hombre político : _bLas bases sociales de la política / |
||
| 260 |
_aBuenos Aires : _bUniversitaria de Buenos Aires, _c1963. |
||
| 300 |
_a426 páginas ; _c23 cm. |
||
| 505 | _aContenido : Concepto de Aristóteles -- La psicología política -- Las condiciones del orden democrático ... | ||
| 650 |
_aPolítica _9291 |
||
| 650 |
_aHombre _9838 |
||
| 650 |
_aSociales _928612 |
||
| 700 |
_aMendelievich, Elias (Traducción) _939792 |
||
| 942 |
_2ddc _cLIBROS |
||
| 945 |
_arah _d2019/05/15 |
||